A lack of direction (Record no. 82020)

MARC details
000 -LEADER
fixed length control field 00849cab a22002175a 4500
001 - CONTROL NUMBER
control field L148977
008 - FIXED-LENGTH DATA ELEMENTS--GENERAL INFORMATION
fixed length control field 091209e20091107xxka f g 000 0 eng d
035 ## - SYSTEM CONTROL NUMBER
System control number (Sirsi) u148977
041 0# - LANGUAGE CODE
Language code of text/sound track or separate title eng
100 1# - MAIN ENTRY--PERSONAL NAME
Personal name Williams, Peter
245 02 - TITLE STATEMENT
Title A lack of direction
260 ## - PUBLICATION, DISTRIBUTION, ETC.
Date of publication, distribution, etc. 2009
490 ## - SERIES STATEMENT
Series statement Estates Gazette
Volume/sequential designation (0944) 7 November 2009, 200-201(2)
520 ## - SUMMARY, ETC.
Summary, etc. Presents Government's changes to the carbon reduction commitment scheme. Suggests that no guidance is provided concerning the division of the costs between landlord and tenant. Discusses issues to consider if standard lease provisions are developed.
590 ## - LOCAL NOTE (RLIN)
Local note KA
650 24 - SUBJECT ADDED ENTRY--TOPICAL TERM
Topical term or geographic name entry element CARBON REDUCTION COMMITMENT
651 #4 - SUBJECT ADDED ENTRY--GEOGRAPHIC NAME
Geographic name England and Wales
Chronological subdivision 1543-
690 ## - LOCAL SUBJECT ADDED ENTRY--TOPICAL TERM (OCLC, RLIN)
Topical term or geographic name as entry element ENVIRONMENTAL AND LAND CONSULTANCY-ENERGY-ENERGY USE-ENERGY EFFICIENCY
700 1# - ADDED ENTRY--PERSONAL NAME
Personal name Eddington, Charlotte
942 ## - ADDED ENTRY ELEMENTS (KOHA)
Suppress in OPAC 0
Holdings
Withdrawn status Lost status Source of classification or shelving scheme Damaged status Not for loan Home library Current library Shelving location Date acquired Total Checkouts Full call number Barcode Date last seen Copy number Price effective from Koha item type
    Dewey Decimal Classification     London London Journal article 09/12/2009   L148977 148977-1001 06/08/2019 1 06/08/2019 Journal article